Valuing the built environment : GIS and house price analysis. (Record no. 100784)

MARC details
000 -LEADER
fixed length control field 00936cam a2200253 4500
008 - FIXED-LENGTH DATA ELEMENTS--GENERAL INFORMATION
fixed length control field 000000n1999 000 0 eng u
020 ## - INTERNATIONAL STANDARD BOOK NUMBER
International Standard Book Number 0754610128
035 ## - SYSTEM CONTROL NUMBER
System control number (Sirsi) u108397
050 ## - LIBRARY OF CONGRESS CALL NUMBER
Classification number 333.70285
100 ## - MAIN ENTRY--PERSONAL NAME
Personal name Orford, Scott
245 ## - TITLE STATEMENT
Title Valuing the built environment : GIS and house price analysis.
260 ## - PUBLICATION, DISTRIBUTION, ETC.
Place of publication, distribution, etc. Aldershot
Name of publisher, distributor, etc. Ashgate Publishing Limited
Date of publication, distribution, etc. 1999
300 ## - PHYSICAL DESCRIPTION
Extent xv, 216p. ; 23cm.
350 ## - PRICE (NR) (BK AM CF MU VM SE) [OBSOLETE]
Price 39.95
520 ## - SUMMARY, ETC.
Summary, etc. This publication explores hedonic house price models within a geographical rather than purely economic context. Whereas these models have previously been conceptualised as spatial, they are here re-evaluated by exploring how the spatial aspects of housing markets can be incorporated
650 ## - SUBJECT ADDED ENTRY--TOPICAL TERM
Topical term or geographic name entry element GIS
650 ## - SUBJECT ADDED ENTRY--TOPICAL TERM
Topical term or geographic name entry element GIS
650 ## - SUBJECT ADDED ENTRY--TOPICAL TERM
Topical term or geographic name entry element DATA ANALYSIS
650 ## - SUBJECT ADDED ENTRY--TOPICAL TERM
Topical term or geographic name entry element STATISTICS
650 ## - SUBJECT ADDED ENTRY--TOPICAL TERM
Topical term or geographic name entry element DEMOGRAPHICS
650 ## - SUBJECT ADDED ENTRY--TOPICAL TERM
Topical term or geographic name entry element SPATIAL DATA
690 ## - LOCAL SUBJECT ADDED ENTRY--TOPICAL TERM (OCLC, RLIN)
Topical term or geographic name as entry element MAPPING AND MEASUREMENT-GIS
942 ## - ADDED ENTRY ELEMENTS (KOHA)
Suppress in OPAC 0
Holdings
Withdrawn status Lost status Source of classification or shelving scheme Damaged status Not for loan Home library Current library Shelving location Date acquired Cost, normal purchase price Total Checkouts Full call number Barcode Date last seen Date last checked out Copy number Cost, replacement price Price effective from Koha item type
    Dewey Decimal Classification     London London Books 09/10/2000 35.95 7 333.70285 ORF 30061856 06/08/2019 18/07/2005 1 35.95 06/08/2019 Book